| 000 | 00465cam a2200181 4500 | ||
|---|---|---|---|
| 001 | D9099 | ||
| 008 | 090401t1980 xxu||||| |||| 00| 0 eng d | ||
| 035 | _a(Sirsi) u17396 | ||
| 041 | _aeng | ||
| 050 | _a693.97 | ||
| 100 | _aSullivan, Barry James | ||
| 245 | _aIndustrialization in the building industry | ||
| 260 |
_aNew York _bVan Nostrand Rheinhold Co _c1980 |
||
| 300 | _axviii. 253p. ill. 22 x 28cm | ||
| 350 | _a19.9 | ||
| 942 | _n0 | ||
| 948 | _c04/03/1997 | ||
| 999 |
_c87504 _d87504 |
||